00365nam a2200109Ia 4500008004100000082000800041100001600049245007200065942000600137952009700143999001500240240331s9999 xx 000 0 und d bRUP aRupasinge,K 0aIllangai samadanam pesudal :bmuachchigal tholvigal matrum padmgal  cL 001040708LaWERCLbWERCLcSSCd2024-03-31l0o 303.6 RUPp6475r2024-03-31w2024-03-31yL c4707d4707